[Event "Fagernes GM Swiss 2020"]
[Site "Fagernes"]
[Date "2020.10.09"]
[Round "7.2"]
[White "Ingebretsen, Jens E"]
[Black "Postny, Evgeny"]
[Result "0-1"]
[WhiteElo "2220"]
[BlackElo "2603"]
[Annotator "ChessBase"]
[PlyCount "160"]
[EventDate "2020.10.04"]
[EventType "swiss"]
[EventCountry "NOR"]
[SourceTitle "playchess.com"]
[Source "ChessBase"]
[SourceQuality "1"]
[TimeControl "40/6000+30:2400+30"]

1. e4 {[%emt 0:00:00]} e5 {[%emt 0:01:00]} 2. Nf3 {[%emt 0:00:00]} Nc6 {[%emt 0:00:06]} 3. Bc4 {[%emt 0:00:00]} Bc5 {[%emt 0:00:11]} 4. O-O {[%emt 0:00:13]} Nf6 {[%emt 0:00:04]} 5. d3 {[%emt 0:00:30]} h6 {[%emt 0:01:50]} 6. c3 {[%emt 0:01:22]} d6 {[%emt 0:01:02]} 7. Nbd2 {[%emt 0:06:04]} a5 {[%emt 0:00:27]} 8. Re1 {[%emt 0:03:01]} O-O {[%emt 0:01:44]} 9. Nf1 {[%emt 0:03:08]} Bb6 {[%emt 0:05:36]} 10. Be3 {[%emt 0:02:44]} Bxe3 {[%emt 0:00:20]} 11. Nxe3 {[%emt 0:00:52]} Ne7 {[%emt 0:01:23]} 12. Qc2 {[%emt 0:15:34]} Ng4 {[%emt 0:11:57]} 13. d4 {[%emt 0:06:17]} Nxe3 {[%emt 0:03:06]} 14. Rxe3 {[%emt 0:00:39]} Ng6 {[%emt 0:00:44]} 15. g3 {[%emt 0:25:15]} Bh3 {[%emt 0:05:14]} 16. Bf1 {[%emt 0:05:45]} Be6 {[%emt 0:01:04]} 17. h4 {[%emt 0:00:55]} Qf6 {[%emt 0:03:23]} 18. Kh2 {[%emt 0:04:34]} Rfe8 {[%emt 0:08:47]} 19. Bh3 {[%emt 0:02:52]} Bxh3 {[%emt 0:03:27]} 20. Kxh3 {[%emt 0:00:14]} Rad8 {[%emt 0:23:44]} 21. Kg2 {[%emt 0:03:18]} Qe6 {[%emt 0:02:26]} 22. Qb3 {[%emt 0:07:31]} Qc8 {[%emt 0:04:56]} 23. Rd1 {[%emt 0:02:06]} exd4 {[%emt 0:04:12]} 24. cxd4 {[%emt 0:01:33]} c6 {[%emt 0:01:42]} 25. Rde1 {[%emt 0:03:35]} Nf8 {[%emt 0:00:58]} 26. Qc3 {[%emt 0:00:48]} Qc7 {[%emt 0:00:35]} 27. Nd2 {[%emt 0:02:11]} d5 {[%emt 0:04:23]} 28. e5 {[%emt 0:01:19]} Ne6 {[%emt 0:00:51]} 29. f4 {[%emt 0:00:44]} Qb6 {[%emt 0:00:58]} 30. Nb3 {[%emt 0:01:53]} a4 {[%emt 0:02:19]} 31. Nc5 {[%emt 0:00:38]} Nxc5 {[%emt 0:01:17]} 32. dxc5 {[%emt 0:02:54]} Qb5 {[%emt 0:00:10]} 33. Qd4 {[%emt 0:00:17]} b6 {[%emt 0:03:46]} 34. Rc1 {[%emt 0:00:14]} Rb8 {[%emt 0:00:09]} 35. b3 {[%emt 0:02:12]} axb3 {[%emt 0:01:43]} 36. axb3 {[%emt 0:01:17]} Qa6 {[%emt 0:01:14]} 37. b4 {[%emt 0:02:46]} Qa2+ {[%emt 0:01:07]} 38. Kg1 {[%emt 0:00:42]} bxc5 {[%emt 0:00:57]} 39. Qxc5 {[%emt 0:00:17]} Rec8 {[%emt 0:05:40]} 40. e6 {[%emt 0:01:24]} fxe6 {[%emt 0:00:11]} 41. Rxe6 {[%emt 0:41:17]} Qb3 {[%emt 0:43:08]} 42. Qc3 {[%emt 0:00:00]} Rxb4 {[%emt 0:00:00]} 43. Qxb3 {[%emt 0:00:00]} Rxb3 {[%emt 0:00:00]} 44. Kg2 {[%emt 0:00:00]} c5 {[%emt 0:00:00]} 45. Re7 {[%emt 0:00:00]} Ra8 {[%emt 0:00:00]} 46. Rxc5 {[%emt 0:00:43]} Raa3 {[%emt 0:00:00]} 47. Rxd5 {[%emt 0:01:05]} Rxg3+ {[%emt 0:00:00]} 48. Kf2 {[%emt 0:00:39]} Raf3+ {[%emt 0:00:00]} 49. Ke2 {[%emt 0:00:05]} Rxf4 {[%emt 0:00:00]} 50. h5 {[%emt 0:00:28]} Kh7 {[%emt 0:00:00]} 51. Ree5 {[%emt 0:00:49]} Rh3 {[%emt 0:00:00]} 52. Ra5 {[%emt 0:00:36]} Rff3 {[%emt 0:00:00]} 53. Rf5 {[%emt 0:01:39]} Rb3 {[%emt 0:00:00]} 54. Rab5 {[%emt 0:00:57]} Rh2+ {[%emt 0:00:00]} 55. Kf1 {[%emt 0:00:14]} Rg3 {[%emt 0:00:00]} 56. Ra5 {[%emt 0:01:03]} Rgg2 {[%emt 0:00:00]} 57. Rab5 {[%emt 0:00:23]} Ra2 {[%emt 0:00:00]} 58. Kg1 {[%emt 0:00:05]} Rhg2+ {[%emt 0:00:00]} 59. Kh1 {[%emt 0:00:24]} Rg4 {[%emt 0:00:00]} 60. Ra5 {[%emt 0:00:25]} Rxa5 {[%emt 0:00:00]} 61. Rxa5 {[%emt 0:00:21]} Rg5 {[%emt 0:00:00]} 62. Ra6 {[%emt 0:00:36]} Rxh5+ {[%emt 0:00:00]} 63. Kg2 {[%emt 0:00:03]} Rf5 {[%emt 0:00:00]} 64. Rb6 {[%emt 0:00:04]} h5 {[%emt 0:00:00]} 65. Ra6 {[%emt 0:00:05]} g6 {[%emt 0:00:00]} 66. Rb6 {[%emt 0:00:06]} Kh6 {[%emt 0:00:00]} 67. Ra6 {[%emt 0:00:09]} Rb5 {[%emt 0:00:00]} 68. Rc6 {[%emt 0:00:07]} Kg5 {[%emt 0:00:00]} 69. Ra6 {[%emt 0:00:05]} h4 {[%emt 0:00:00]} 70. Ra4 {[%emt 0:00:08]} Kh5 {[%emt 0:00:00]} 71. Rc4 {[%emt 0:00:07]} g5 {[%emt 0:00:00]} 72. Ra4 {[%emt 0:00:06]} Rb2+ {[%emt 0:00:00]} 73. Kg1 {[%emt 0:00:10]} h3 {[%emt 0:00:00]} 74. Rc4 {[%emt 0:00:11]} g4 {[%emt 0:00:00]} 75. Ra4 {[%emt 0:01:00]} Kh4 {[%emt 0:00:00]} 76. Ra1 {[%emt 0:01:04]} Re2 {[%emt 0:00:00]} 77. Rb1 {[%emt 0:00:49]} g3 {[%emt 0:00:00]} 78. Kh1 {[%emt 0:00:29]} Kg4 {[%emt 0:00:00]} 79. Ra1 {[%emt 0:00:51]} Re4 {[%emt 0:00:00]} 80. Rb1 {[%emt 0:00:23]} h2 {[%emt 0:00:00]} 0-1

[Event "Fagernes GM Swiss 2020"]
[Site "Fagernes"]
[Date "2020.10.09"]
[Round "7.3"]
[White "Elsness, Frode"]
[Black "Haug, Johannes"]
[Result "0-1"]
[WhiteElo "2454"]
[BlackElo "2481"]
[Annotator "ChessBase"]
[PlyCount "76"]
[EventDate "2020.10.04"]
[EventType "swiss"]
[EventCountry "NOR"]
[SourceTitle "playchess.com"]
[Source "ChessBase"]
[SourceQuality "1"]
[TimeControl "40/6000+30:2400+30"]

1. d4 {[%emt 0:00:42]} Nf6 {[%emt 0:00:30]} 2. c4 {[%emt 0:00:08]} e6 {[%emt 0:00:21]} 3. Nc3 {[%emt 0:00:04]} Bb4 {[%emt 0:00:17]} 4. e3 {[%emt 0:00:04]} O-O {[%emt 0:00:25]} 5. Bd3 {[%emt 0:00:05]} c5 {[%emt 0:02:22]} 6. Nge2 {[%emt 0:00:48]} d5 {[%emt 0:03:50]} 7. cxd5 {[%emt 0:01:10]} cxd4 {[%emt 0:03:40]} 8. exd4 {[%emt 0:00:34]} Nxd5 {[%emt 0:05:11]} 9. O-O {[%emt 0:00:19]} Nc6 {[%emt 0:02:43]} 10. Nxd5 {[%emt 0:04:18]} exd5 {[%emt 0:17:24]} 11. Be3 {[%emt 0:07:12]} Bd6 {[%emt 0:03:06]} 12. Nf4 {[%emt 0:05:24]} Bxf4 {[%emt 0:29:17]} 13. Bxf4 {[%emt 0:00:09]} Nxd4 {[%emt 0:00:18]} 14. Bxh7+ {[%emt 0:01:33]} Kxh7 {[%emt 0:00:10]} 15. Qxd4 {[%emt 0:00:06]} Be6 {[%emt 0:01:40]} 16. Rfc1 {[%emt 0:11:26]} Qh4 {[%emt 0:04:36]} 17. Rc7 {[%emt 0:09:22]} b6 {[%emt 0:00:55]} 18. Rac1 {[%emt 0:08:46]} Rfc8 {[%emt 0:08:35]} 19. h3 {[%emt 0:11:22]} Qh5 {[%emt 0:15:15]} 20. Be5 {[%emt 0:06:52]} Qg5 {[%emt 0:01:25]} 21. Kh2 {[%emt 0:06:40]} Qg6 {[%emt 0:07:13]} 22. R1c3 {[%emt 0:08:27]} Rxc7 {[%emt 0:00:07]} 23. Rxc7 {[%emt 0:04:00]} Kg8 {[%emt 0:00:07]} 24. f3 {[%emt 0:05:28]} f6 {[%emt 0:01:31]} 25. Bg3 {[%emt 0:02:29]} Qe8 {[%emt 0:00:45]} 26. h4 {[%emt 0:02:15]} b5 {[%emt 0:00:33]} 27. Bd6 {[%emt 0:04:41]} Qd8 {[%emt 0:00:23]} 28. Qf4 {[%emt 0:00:48]} Rc8 {[%emt 0:00:45]} 29. Rxa7 {[%emt 0:00:50]} Rc6 {[%emt 0:00:29]} 30. Bc7 {[%emt 0:02:23]} Qe8 {[%emt 0:00:11]} 31. Qg3 {[%emt 0:01:09]} Bd7 {[%emt 0:00:25]} 32. Bf4 {[%emt 0:00:45]} Kh7 {[%emt 0:00:17]} 33. Be3 {[%emt 0:01:52]} Rc4 {[%emt 0:01:06]} 34. b3 {[%emt 0:00:29]} Rc8 {[%emt 0:00:28]} 35. Bd4 {[%emt 0:00:48]} Ra8 {[%emt 0:00:32]} 36. Rb7 {[%emt 0:00:10]} Rxa2 {[%emt 0:00:32]} 37. Bxf6 {[%emt 0:01:34]} gxf6 {[%emt 0:00:04]} 38. Qg4 {[%emt 0:02:34]} Ra7 {[%emt 0:00:30]} 0-1

[Event "Fagernes GM Swiss 2020"]
[Site "Fagernes"]
[Date "2020.10.09"]
[Round "7.4"]
[White "Holm, Kristian Stuvik"]
[Black "Kaasen, Tor Fredrik"]
[Result "1/2-1/2"]
[WhiteElo "2465"]
[BlackElo "2386"]
[Annotator "ChessBase"]
[PlyCount "47"]
[EventDate "2020.10.04"]
[EventType "swiss"]
[EventCountry "NOR"]
[SourceTitle "playchess.com"]
[Source "ChessBase"]
[SourceQuality "1"]
[TimeControl "40/6000+30:2400+30"]

1. d4 {[%emt 0:00:00]} d5 {[%emt 0:03:18]} 2. Nf3 {[%emt 0:00:00]} Nf6 {[%emt 0:00:19]} 3. Bf4 {[%emt 0:00:03]} e6 {[%emt 0:02:34]} 4. Nbd2 {[%emt 0:01:22]} Bd6 {[%emt 0:01:47]} 5. e3 {[%emt 0:00:28]} O-O {[%emt 0:02:13]} 6. Bd3 {[%emt 0:00:31]} Bxf4 {[%emt 0:03:26]} 7. exf4 {[%emt 0:00:13]} Qd6 {[%emt 0:00:26]} 8. g3 {[%emt 0:00:37]} b6 {[%emt 0:01:00]} 9. O-O {[%emt 0:01:08]} c5 {[%emt 0:01:59]} 10. Re1 {[%emt 0:01:13]} Ba6 {[%emt 0:02:24]} 11. Rc1 {[%emt 0:00:27]} Rc8 {[%emt 0:06:05]} 12. Bxa6 {[%emt 0:08:27]} Nxa6 {[%emt 0:00:44]} 13. c3 {[%emt 0:00:09]} b5 {[%emt 0:05:02]} 14. Ne5 {[%emt 0:08:07]} c4 {[%emt 1:15:43]} 15. g4 {[%emt 0:07:09]} Rc7 {[%emt 0:00:00]} 16. g5 {[%emt 0:18:22]} Nd7 {[%emt 0:00:00]} 17. Nxd7 {[%emt 0:05:54]} Rxd7 {[%emt 0:00:00]} 18. Qg4 {[%emt 0:00:09]} Re7 {[%emt 0:00:00]} 19. Re3 {[%emt 0:03:28]} Nb8 {[%emt 0:00:00]} 20. Rce1 {[%emt 0:07:46]} Nd7 {[%emt 0:00:00]} 21. f5 {[%emt 0:09:46]} exf5 {[%emt 0:00:00]} 22. Qxf5 {[%emt 0:00:18]} Rxe3 {[%emt 0:00:00]} 23. Rxe3 {[%emt 0:00:08]} a5 {[%emt 0:00:00]} 24. a3 {[%emt 0:10:03]} 1/2-1/2

[Event "Fagernes GM Swiss 2020"]
[Site "Fagernes"]
[Date "2020.10.09"]
[Round "7.5"]
[White "Unneland, Mathias"]
[Black "Starostits, Ilmars"]
[Result "1/2-1/2"]
[WhiteElo "2149"]
[BlackElo "2464"]
[Annotator "ChessBase"]
[PlyCount "112"]
[EventDate "2020.10.04"]
[EventType "swiss"]
[EventCountry "NOR"]
[SourceTitle "playchess.com"]
[Source "ChessBase"]
[SourceQuality "1"]
[TimeControl "40/6000+30:2400+30"]

1. e4 {[%emt 0:00:00]} c5 {[%emt 0:00:00]} 2. Nf3 {[%emt 0:00:00]} Nc6 {[%emt 0:00:00]} 3. d4 {[%emt 0:00:25]} cxd4 {[%emt 0:01:03]} 4. Nxd4 {[%emt 0:00:13]} Qb6 {[%emt 0:00:03]} 5. Nb3 {[%emt 0:00:52]} Nf6 {[%emt 0:00:05]} 6. Nc3 {[%emt 0:00:34]} e6 {[%emt 0:00:04]} 7. Be3 {[%emt 0:00:45]} Qc7 {[%emt 0:00:08]} 8. a3 {[%emt 0:00:48]} a6 {[%emt 0:00:52]} 9. f4 {[%emt 0:00:45]} d6 {[%emt 0:00:55]} 10. g4 {[%emt 0:00:35]} h6 {[%emt 0:04:07]} 11. Bg2 {[%emt 0:05:40]} Be7 {[%emt 0:00:15]} 12. h4 {[%emt 0:01:27]} h5 {[%emt 0:00:44]} 13. g5 {[%emt 0:01:34]} Ng4 {[%emt 0:00:05]} 14. Bg1 {[%emt 0:01:03]} b5 {[%emt 0:01:48]} 15. Bf3 {[%emt 0:03:33]} b4 {[%emt 0:00:06]} 16. axb4 {[%emt 0:10:03]} Nxb4 {[%emt 0:00:04]} 17. Rc1 {[%emt 0:05:20]} Rb8 {[%emt 0:01:19]} 18. Bxg4 {[%emt 0:23:57]} hxg4 {[%emt 0:00:19]} 19. Qxg4 {[%emt 0:00:07]} e5 {[%emt 0:03:16]} 20. f5 {[%emt 0:02:39]} d5 {[%emt 0:00:08]} 21. h5 {[%emt 0:05:42]} d4 {[%emt 0:00:24]} 22. Nxd4 {[%emt 0:03:41]} exd4 {[%emt 0:06:02]} 23. Bxd4 {[%emt 0:00:09]} Rg8 {[%emt 0:05:05]} 24. g6 {[%emt 0:04:32]} f6 {[%emt 0:10:08]} 25. h6 {[%emt 0:01:28]} gxh6 {[%emt 0:03:41]} 26. g7 {[%emt 0:03:13]} Qc4 {[%emt 0:00:45]} 27. Rxh6 {[%emt 0:02:00]} Qf7 {[%emt 0:53:30]} 28. Rh8 {[%emt 0:00:20]} Bb7 {[%emt 0:08:30]} 29. Rxg8+ {[%emt 0:03:27]} Qxg8 {[%emt 0:00:04]} 30. Qg6+ {[%emt 0:00:10]} Kd7 {[%emt 0:00:21]} 31. Bxf6 {[%emt 0:00:38]} Bxf6 {[%emt 0:01:02]} 32. Qxf6 {[%emt 0:00:35]} Re8 {[%emt 0:00:05]} 33. Qd4+ {[%emt 0:01:30]} Kc8 {[%emt 0:01:08]} 34. Qxb4 {[%emt 0:04:14]} Qxg7 {[%emt 0:01:21]} 35. Qc5+ {[%emt 0:01:04]} Kb8 {[%emt 0:00:14]} 36. Rd1 {[%emt 0:02:40]} Rh8 {[%emt 0:06:22]} 37. Qd6+ {[%emt 0:00:55]} Ka8 {[%emt 0:00:08]} 38. Kf2 {[%emt 0:05:46]} Qg5 {[%emt 0:02:05]} 39. Qg3 {[%emt 0:00:58]} Qe7 {[%emt 0:00:37]} 40. Rd6 {[%emt 0:02:24]} Rf8 {[%emt 0:01:07]} 41. Qf4 {[%emt 0:45:10]} Qh7 {[%emt 0:41:46]} 42. Nd5 {[%emt 0:01:04]} Qh1 {[%emt 0:00:00]} 43. Rh6 {[%emt 0:00:00]} Qd1 {[%emt 0:00:00]} 44. Nc7+ {[%emt 0:00:00]} Ka7 {[%emt 0:00:00]} 45. Qe3+ {[%emt 0:00:00]} Kb8 {[%emt 0:00:00]} 46. Nxa6+ {[%emt 0:00:00]} Ka8 {[%emt 0:00:00]} 47. Nb4 {[%emt 0:00:00]} Rg8 {[%emt 0:00:00]} 48. Qa3+ {[%emt 0:00:00]} Kb8 {[%emt 0:00:00]} 49. Na6+ {[%emt 0:00:00]} Ka8 {[%emt 0:00:00]} 50. Nb4+ {[%emt 0:00:00]} Kb8 {[%emt 0:00:00]} 51. Nc6+ {[%emt 0:00:00]} Bxc6 {[%emt 0:00:00]} 52. Qb3+ {[%emt 0:00:00]} Ka7 {[%emt 0:00:00]} 53. Rh7+ {[%emt 0:00:00]} Ka6 {[%emt 0:00:00]} 54. Qxg8 {[%emt 0:00:00]} Qd4+ {[%emt 0:00:00]} 55. Kf1 {[%emt 0:00:00]} Qd1+ {[%emt 0:00:00]} 56. Kf2 {[%emt 0:00:00]} Qd4+ {[%emt 0:00:00]} 1/2-1/2

[Event "Fagernes GM Swiss 2020"]
[Site "Fagernes"]
[Date "2020.10.09"]
[Round "7.6"]
[White "Ranaldi, Lucas"]
[Black "Hobber, Anders"]
[Result "1/2-1/2"]
[WhiteElo "2334"]
[BlackElo "2386"]
[Annotator "ChessBase"]
[PlyCount "27"]
[EventDate "2020.10.04"]
[EventType "swiss"]
[EventCountry "NOR"]
[SourceTitle "playchess.com"]
[Source "ChessBase"]
[SourceQuality "1"]
[TimeControl "40/6000+30:2400+30"]

1. c4 {[%emt 0:02:31]} c6 {[%emt 0:00:00]} 2. Nf3 {[%emt 0:00:08]} d5 {[%emt 0:00:00]} 3. e3 {[%emt 0:00:03]} Nf6 {[%emt 0:00:08]} 4. Nc3 {[%emt 0:00:06]} a6 {[%emt 0:02:48]} 5. d4 {[%emt 0:00:49]} b5 {[%emt 0:02:43]} 6. b3 {[%emt 0:00:23]} Bg4 {[%emt 0:00:47]} 7. a4 {[%emt 0:00:10]} b4 {[%emt 0:18:01]} 8. Nb1 {[%emt 0:00:24]} Nbd7 {[%emt 0:08:05]} 9. Bb2 {[%emt 0:00:21]} e6 {[%emt 0:01:59]} 10. Nbd2 {[%emt 0:01:54]} Bd6 {[%emt 0:13:59]} 11. Be2 {[%emt 0:01:12]} Qb8 {[%emt 0:06:13]} 12. h3 {[%emt 0:22:18]} Bf5 {[%emt 0:01:41]} 13. Nh4 {[%emt 0:01:38]} Be4 {[%emt 0:07:42]} 14. Nhf3 {[%emt 0:08:43]} 1/2-1/2

[Event "Fagernes GM Swiss 2020"]
[Site "Fagernes"]
[Date "2020.10.09"]
[Round "7.7"]
[White "Galinsky, Timofey"]
[Black "Agdestein, Simen"]
[Result "0-1"]
[WhiteElo "2370"]
[BlackElo "2552"]
[Annotator "ChessBase"]
[PlyCount "56"]
[EventDate "2020.10.04"]
[EventType "swiss"]
[EventCountry "NOR"]
[SourceTitle "playchess.com"]
[Source "ChessBase"]
[SourceQuality "1"]
[TimeControl "40/6000+30:2400+30"]

1. d4 {[%emt 0:00:00]} Nf6 {[%emt 0:00:07]} 2. Nf3 {[%emt 0:00:00]} e6 {[%emt 0:00:44]} 3. c3 {[%emt 0:01:43]} d5 {[%emt 0:01:06]} 4. Bf4 {[%emt 0:00:35]} Bd6 {[%emt 0:00:58]} 5. Bg3 {[%emt 0:00:27]} c5 {[%emt 0:00:29]} 6. e3 {[%emt 0:00:32]} Qc7 {[%emt 0:00:35]} 7. Nbd2 {[%emt 0:00:28]} Nbd7 {[%emt 0:00:52]} 8. Bd3 {[%emt 0:02:10]} O-O {[%emt 0:06:04]} 9. Bxd6 {[%emt 0:05:54]} Qxd6 {[%emt 0:01:05]} 10. O-O {[%emt 0:00:06]} e5 {[%emt 0:02:24]} 11. dxe5 {[%emt 0:01:42]} Nxe5 {[%emt 0:00:05]} 12. Nxe5 {[%emt 0:00:04]} Qxe5 {[%emt 0:00:05]} 13. Qa4 {[%emt 0:03:27]} Bd7 {[%emt 0:01:28]} 14. Qh4 {[%emt 0:01:19]} Rfe8 {[%emt 0:07:26]} 15. Rfe1 {[%emt 0:01:42]} Bc6 {[%emt 0:05:16]} 16. Rad1 {[%emt 0:03:08]} a5 {[%emt 0:02:28]} 17. f4 {[%emt 0:01:32]} Qc7 {[%emt 0:26:16]} 18. g4 {[%emt 0:07:28]} Ne4 {[%emt 0:06:23]} 19. Nf3 {[%emt 0:03:26]} f6 {[%emt 0:07:03]} 20. g5 {[%emt 0:02:06]} Qe7 {[%emt 0:01:17]} 21. Bxe4 {[%emt 0:06:09]} Qxe4 {[%emt 0:03:14]} 22. Nd2 {[%emt 0:00:27]} Qg6 {[%emt 0:02:10]} 23. Qg3 {[%emt 0:01:05]} fxg5 {[%emt 0:01:40]} 24. fxg5 {[%emt 0:00:06]} Qc2 {[%emt 0:01:53]} 25. e4 {[%emt 0:05:26]} dxe4 {[%emt 0:01:30]} 26. Nc4 {[%emt 0:01:11]} e3 {[%emt 0:01:25]} 27. g6 {[%emt 0:05:59]} Re4 {[%emt 0:08:02]} 28. gxh7+ {[%emt 0:01:18]} Kh8 {[%emt 0:00:56]} 0-1

[Event "Fagernes GM Swiss 2020"]
[Site "Fagernes"]
[Date "2020.10.09"]
[Round "7.8"]
[White "Miezis, Normunds"]
[Black "Dahl, Trygve"]
[Result "0-1"]
[WhiteElo "2485"]
[BlackElo "2211"]
[Annotator "ChessBase"]
[PlyCount "84"]
[EventDate "2020.10.04"]
[EventType "swiss"]
[EventCountry "NOR"]
[SourceTitle "playchess.com"]
[Source "ChessBase"]
[SourceQuality "1"]
[TimeControl "40/6000+30:2400+30"]

1. c4 {[%emt 0:00:00]} f5 {[%emt 0:00:00]} 2. g3 {[%emt 0:02:05]} Nf6 {[%emt 0:00:00]} 3. Bg2 {[%emt 0:00:20]} d6 {[%emt 0:00:23]} 4. Nc3 {[%emt 0:02:27]} e6 {[%emt 0:00:36]} 5. d3 {[%emt 0:06:57]} Be7 {[%emt 0:03:24]} 6. e4 {[%emt 0:00:58]} e5 {[%emt 0:09:57]} 7. exf5 {[%emt 0:04:55]} Bxf5 {[%emt 0:00:11]} 8. Bxb7 {[%emt 0:00:14]} Nbd7 {[%emt 0:00:02]} 9. Qf3 {[%emt 0:36:31]} Bg4 {[%emt 0:07:26]} 10. Qc6 {[%emt 0:00:11]} Rb8 {[%emt 0:07:25]} 11. Be3 {[%emt 0:01:49]} O-O {[%emt 0:01:09]} 12. h3 {[%emt 0:04:53]} Bf5 {[%emt 0:02:41]} 13. O-O-O {[%emt 0:01:06]} Nc5 {[%emt 0:10:46]} 14. Bxc5 {[%emt 0:01:51]} dxc5 {[%emt 0:00:14]} 15. Nf3 {[%emt 0:08:50]} Bd7 {[%emt 0:14:09]} 16. Qa6 {[%emt 0:00:11]} Bd6 {[%emt 0:00:03]} 17. Nb5 {[%emt 0:11:14]} Bxb5 {[%emt 0:10:59]} 18. cxb5 {[%emt 0:00:38]} Kh8 {[%emt 0:01:58]} 19. Rhe1 {[%emt 0:02:13]} Nd7 {[%emt 0:06:14]} 20. Be4 {[%emt 0:10:36]} Rb6 {[%emt 0:03:06]} 21. Qa4 {[%emt 0:02:30]} Nb8 {[%emt 0:05:56]} 22. Nd2 {[%emt 0:04:18]} a6 {[%emt 0:02:47]} 23. bxa6 {[%emt 0:00:10]} Rxa6 {[%emt 0:00:02]} 24. Qc4 {[%emt 0:00:14]} Ra7 {[%emt 0:01:25]} 25. Re2 {[%emt 0:00:49]} Nd7 {[%emt 0:03:15]} 26. Kb1 {[%emt 0:00:26]} Qe7 {[%emt 0:01:11]} 27. Qc2 {[%emt 0:01:11]} Rb8 {[%emt 0:02:39]} 28. Nc4 {[%emt 0:00:21]} Nf8 {[%emt 0:00:11]} 29. Bg2 {[%emt 0:02:33]} Ne6 {[%emt 0:02:01]} 30. Qd2 {[%emt 0:01:14]} Nd4 {[%emt 0:00:29]} 31. Re4 {[%emt 0:01:03]} Qd7 {[%emt 0:00:37]} 32. a3 {[%emt 0:00:36]} Qa4 {[%emt 0:00:43]} 33. Rde1 {[%emt 0:00:28]} Qb3 {[%emt 0:02:21]} 34. Qd1 {[%emt 0:01:04]} Qb5 {[%emt 0:02:31]} 35. f4 {[%emt 0:01:31]} Rxa3 {[%emt 0:00:40]} 36. Rxd4 {[%emt 0:00:22]} cxd4 {[%emt 0:00:42]} 37. fxe5 {[%emt 0:00:05]} Be7 {[%emt 0:03:12]} 38. Re2 {[%emt 0:00:08]} Ra4 {[%emt 0:00:32]} 39. Be4 {[%emt 0:00:58]} Qa6 {[%emt 0:00:26]} 40. Kc2 {[%emt 0:00:19]} Ra1 {[%emt 0:00:12]} 41. Qxa1 {[%emt 0:40:30]} Qxa1 {[%emt 0:40:07]} 42. Bc6 {[%emt 0:00:05]} Bg5 {[%emt 0:01:07]} 0-1

[Event "Fagernes GM Swiss 2020"]
[Site "Fagernes"]
[Date "2020.10.09"]
[Round "7.9"]
[White "Vitenberg, Noam Aviv"]
[Black "Haldorsen, Benjamin"]
[Result "1/2-1/2"]
[WhiteElo "2298"]
[BlackElo "2469"]
[Annotator "ChessBase"]
[PlyCount "99"]
[EventDate "2020.10.04"]
[EventType "swiss"]
[EventCountry "NOR"]
[SourceTitle "playchess.com"]
[Source "ChessBase"]
[SourceQuality "1"]
[TimeControl "40/6000+30:2400+30"]

1. d4 {[%emt 0:01:33]} Nf6 {[%emt 0:00:00]} 2. c4 {[%emt 0:00:24]} c5 {[%emt 0:00:21]} 3. d5 {[%emt 0:00:37]} e6 {[%emt 0:00:17]} 4. Nc3 {[%emt 0:01:28]} exd5 {[%emt 0:00:26]} 5. cxd5 {[%emt 0:00:08]} d6 {[%emt 0:00:05]} 6. e4 {[%emt 0:00:26]} g6 {[%emt 0:00:22]} 7. Nf3 {[%emt 0:01:28]} a6 {[%emt 0:01:04]} 8. a4 {[%emt 0:00:05]} Bg4 {[%emt 0:00:00]} 9. Be2 {[%emt 0:00:14]} Bxf3 {[%emt 0:00:08]} 10. Bxf3 {[%emt 0:00:20]} Bg7 {[%emt 0:01:34]} 11. Bf4 {[%emt 0:00:33]} O-O {[%emt 0:00:10]} 12. O-O {[%emt 0:00:08]} Ne8 {[%emt 0:00:17]} 13. a5 {[%emt 0:04:57]} Nd7 {[%emt 0:00:28]} 14. Qd2 {[%emt 0:00:45]} Rb8 {[%emt 0:05:34]} 15. Be2 {[%emt 0:02:44]} Qe7 {[%emt 0:02:10]} 16. Rfe1 {[%emt 0:01:13]} Kh8 {[%emt 0:08:43]} 17. Bg3 {[%emt 0:07:50]} g5 {[%emt 0:01:47]} 18. Nd1 {[%emt 0:08:43]} Be5 {[%emt 0:11:31]} 19. Ra4 {[%emt 0:09:21]} Ng7 {[%emt 0:01:32]} 20. Ne3 {[%emt 0:03:44]} Rbe8 {[%emt 0:04:18]} 21. Bg4 {[%emt 0:14:45]} Bxg3 {[%emt 0:09:59]} 22. hxg3 {[%emt 0:00:23]} Ne5 {[%emt 0:04:51]} 23. Bf5 {[%emt 0:10:23]} f6 {[%emt 0:06:59]} 24. b4 {[%emt 0:04:45]} c4 {[%emt 0:07:24]} 25. Rc1 {[%emt 0:02:57]} Nxf5 {[%emt 0:02:13]} 26. Nxf5 {[%emt 0:04:18]} Qd7 {[%emt 0:00:16]} 27. Ra3 {[%emt 0:00:44]} Rc8 {[%emt 0:02:03]} 28. Qd4 {[%emt 0:09:06]} g4 {[%emt 0:01:10]} 29. Rac3 {[%emt 0:01:30]} Rg8 {[%emt 0:09:21]} 30. f4 {[%emt 0:03:50]} gxf3 {[%emt 0:06:08]} 31. gxf3 {[%emt 0:00:20]} Qf7 {[%emt 0:00:25]} 32. f4 {[%emt 0:02:11]} Ng4 {[%emt 0:04:29]} 33. Kg2 {[%emt 0:03:46]} Qd7 {[%emt 0:00:30]} 34. Ne3 {[%emt 0:05:51]} Nxe3+ {[%emt 0:06:13]} 35. Rxe3 {[%emt 0:00:10]} Qe7 {[%emt 0:00:32]} 36. Rxc4 {[%emt 0:00:32]} Rxc4 {[%emt 0:00:01]} 37. Qxc4 {[%emt 0:00:05]} Re8 {[%emt 0:00:30]} 38. Kf3 {[%emt 0:01:19]} Qf7 {[%emt 0:00:25]} 39. Kg2 {[%emt 0:01:24]} Qe7 {[%emt 0:00:28]} 40. Re2 {[%emt 0:01:13]} Qf7 {[%emt 0:00:14]} 41. Rc2 {[%emt 0:41:32]} Qg6 {[%emt 0:41:01]} 42. Re2 {[%emt 0:00:00]} Qg4 {[%emt 0:00:00]} 43. Qd3 {[%emt 0:00:00]} Qg6 {[%emt 0:00:00]} 44. Qd4 {[%emt 0:00:00]} Kg8 {[%emt 0:00:00]} 45. Qe3 {[%emt 0:00:00]} Qf7 {[%emt 0:00:00]} 46. Qf3 {[%emt 0:00:00]} Qg6 {[%emt 0:00:00]} 47. Qe3 {[%emt 0:00:00]} Qf7 {[%emt 0:00:00]} 48. Qb6 {[%emt 0:00:00]} Qd7 {[%emt 0:00:00]} 49. Qd4 {[%emt 0:00:00]} Qe7 {[%emt 0:00:00]} 50. Qe3 {[%emt 0:00:00]} 1/2-1/2